LEADER 00927nam0-22003011i-450 001 990001798640403321 005 20190709114512.0 035 $a000179864 035 $aFED01000179864 035 $a(Aleph)000179864FED01 035 $a000179864 100 $a20030910d1995----km-y0itay50------ba 101 0 $aita 102 $aIT 105 $a--------001yy 200 1 $aAdozione ed estensione della DOC ai vini meridionali di qualità$fCentro Studi sull'Agricoltura l'Ambiente e il Territorio 210 $aRoma$cCESTAAT$d1995 215 $a104 p.$d30 cm 610 0 $aVini 676 $a663.2 712 02$aCentro studi sull'agricoltura l'ambiente ed il territorio 801 0$aIT$bUNINA$gRICA$2UNIMARC 901 $aBK 912 $a990001798640403321 952 $a60 663.2 CEST 1995$b5810$fFAGBC 959 $aFAGBC 996 $aAdozione ed estensione della DOC ai vini meridionali di qualità$9410608 997 $aUNINA LEADER 01124nam a2200277 i 4500 001 991004093399707536 008 080623s2008 it a b 001 0 ita d 020 $a884649880X 020 $a9788846498809 035 $ab13799824-39ule_inst 040 $aDip.to Studi Storici$bita 082 04$a015.45511 110 2 $aVallecchi$c$0609965 245 13$aLe edizioni Vallecchi :$bcatalogo 1919-1947 /$c[a cura di] Luca Brogioni 260 $aMilano :$bF. Angeli,$c2008 300 $a334 p. :$bill. ;$c23 cm 440 0$aStudi e ricerche di storia dell'editoria ;$v40 610 24$aVallecchi $y1919-1947$vCataloghi editoriali 700 $aBrogioni, Luca 907 $a.b13799824$b28-01-14$c23-12-08 912 $a991004093399707536 945 $aLE002 Bibl. Ris. 241/10$g1$i2002000606761$lle002$op$pE0.00$q-$rn$so $t0$u0$v0$w0$x0$y.i15047830$z10-12-09 945 $aLE023 015.45 VAL 1 1$g1$i2023000106709$lle023$o-$pE26.00$q-$rn$so $t0$u0$v0$w0$x0$y.i14910093$z23-12-08 996 $aEdizioni Vallecchi$91113121 997 $aUNISALENTO 998 $ale002$a(2)le023$b23-12-08$cm$da $e-$fita$git $h3$i0